| 000 | 00591nam a22001697a 4500 | ||
|---|---|---|---|
| 008 | 160929b xxu||||| |||| 00| 0 eng d | ||
| 020 | _a9780313321870 | ||
| 020 | _a0313321833 | ||
| 050 | _aGE 105 .M66 2004 | ||
| 100 | _aMongillo, John | ||
| 245 |
_aTeen Guides To Environmental Science: _bhuman impact on the environment/ _cJohn Mongillo and Peter Mongillo |
||
| 260 |
_aWestport Connectiut: _bGreenwood Press, _c2004 |
||
| 300 |
_axv, 183p. : _bill. ; |
||
| 500 | _aIncludes references and index. | ||
| 700 | _aMongillo, Peter | ||
| 942 |
_2lcc _cBOOKS _hGE 105 .M66 2004 |
||
| 999 |
_c14264 _d14264 |
||